LIBRARY & INFORMATION CENTRE, KCAET, TAVANUR

ONLINE PUBLIC ACCESS CATALOGUE (OPAC)

Normal view MARC view
  • Grewal, Raj Bala

Entry Personal Name

Number of records used in: 2

001 - CONTROL NUMBER

  • control field: 635

003 - CONTROL NUMBER IDENTIFIER

  • control field: OSt

005 - DATE AND TIME OF LATEST TRANSACTION

  • control field: 20160628110348.0

008 - FIXED-LENGTH DATA ELEMENTS

  • fixed length control field: 160628|| aca||aabn | a|a d

040 ## - CATALOGING SOURCE

  • Original cataloging agency: OSt
  • Transcribing agency: OSt

100 ## - HEADING--PERSONAL NAME

  • Personal name: Grewal, Raj Bala

670 ## - SOURCE DATA FOUND

  • Source citation: Work cat.: (OSt)13643: Khetarpaul, Neelam 324, Bakery Science and Cereal Technology, 2013
free website counter